000 00940nam a22002295i 4500
001 53694
003 ES-MaACL
005 20250718184447.0
007 t|
008 960703m18951903sp ||||1| spa d
100 1 _aFernández Duro, Cesáreo,
_d1830-1908
_949752
245 1 0 _aArmada española desde la unión de los reinos de Castilla y Aragón /
_cpor Cesáreo Fernández Duro.
260 _aMadrid :
_b[s.n.],
_c1895-1903 (
_fEstab. Tip. "Sucesores de Rivadeneyra")
300 _a9 v. :
_bil. ;
_c25 cm.
530 _aDisponible en formato digital.
594 _aTít. del v. 1: Armada española: desde la unión de los reinos de Castilla y León.
650 4 _aMarina de guerra-
_zEspaña-
_vHistoria.
_914782
651 4 _aEspaña-
_xHistoria naval.
_98375
852 _aES-MaACL
_jC-1887-95
856 _uhttp://bdh-rd.bne.es/viewer.vm?id=0000141099&page=1
_zBiblioteca Digital Hispánica
999 _c53694
_d53694